Sesame Street or ... The Godfather Quiz Stats

Quiz not verified by Sporcle

Also try: Men With Cats
Challenge
Share
Tweet
Embed
Score 0/20 Timer 10:00
0 Plays Today
Quote Source % Correct
'It's not like the Old Days, when we can do anything we want. A refusal is not the act of a friend.'???
88.5%
'Never refer to me as an item. I'm a bird.'???
80.7%
'Oh, but you don't understand, big-haired lady. You're my only hope! Please kiss me, please, please, please, please!'???
73.8%
'Ah-la peanut-butter sandwiches!'???
72.7%
'It's a great thing when you realize you still have the ability to surprise yourself. Makes you wonder what else you can do that you've forgotten about.'???
70.1%
'Those must be comfortable shoes, I bet you could walk all day in shoes like those and not feel a thing.'???
65.9%
'Well, the way they make shows is, they make one show. That show's called a pilot. Then they show that show to the people who make shows, and on the strength of that one show...'???
65.7%
'It isn't enough to tell us what a man did. You've got to tell us who he was.'???
65.7%
'Of all the benches in all the parks in the world, I had to pick this one!'???
65.5%
'Uh, well listen, Hoots. You've gotta put down the saxaphone if you want to squeak your duckie.'???
62.6%
Quote Source % Correct
'Oh, I love pigeons more then anything else in this world... besides oatmeal.'???
60%
'A double Chubby-Chuck, a chili-barb, two orders of French fries and...'???
57.9%
'I feel... thin. Sort of stretched, like... butter scraped over too much bread.'???
52.3%
'I was once a person, a human, a king!'???
49.4%
'I'm going to say this only once. I would like a boiled egg and I want it runny. '???
48.9%
'Now that was television! Why can't they do shows like that more often? Well it doesn't matter 'cause I taped it and now I can watch it any time I want.'???
48.5%
'Oh, sure, sure. I know you. You're gonna keep on saying I'm suave and sophisticated, and then when I start to believe it, then you're gonna say how pointy head I have, and how...'???
40.9%
'Y'all know me. Know how I earn a livin'. I'll catch this bird for you, but it ain't gonna be easy.'???
37.5%
'Sally, you've never seen a street like this before. Everything happens here. You're gonna love it!'???
34.5%
'Oh I don't believe this. Look here, I'm very hungry. Do you think there is any chance you could bring me a Numero Dos without dropping it on the floor?'???
28.2%

You're not logged in!

Compare scores with friends on all Sporcle quizzes.
Join for Free
OR
Log In

You Might Also Like...

Show Comments

Extras

Top Quizzes Today


Score Distribution

Your Account Isn't Verified!

In order to create a playlist on Sporcle, you need to verify the email address you used during registration. Go to your Sporcle Settings to finish the process.

Report this User

Report this user for behavior that violates our Community Guidelines.

Details: